Spain... or Texas? - Statistics

General Stats
  • This quiz has been taken 25 times
  • The average score is 15 of 20
Answer Stats
Question Answer % Correct
Has a city called Paris Texas
92%
Has more cows Texas
92%
Has been at war against the United States, either independently or as part of a larger entity Both
88%
Spanish is the most commonly spoken first language Spain
88%
Is the setting for the novel For Whom the Bell Tolls Spain
88%
Has a larger land area Texas
88%
Has blue in its flag (at least 5%) Texas
88%
Was once a Republic Both
83%
Has a higher peak elevation Spain
83%
Has more coastline Spain
83%
Its southernmost point is at a lower latitude Texas
83%
Has an anthem with no official lyrics Spain
79%
Its capital city is its most populous city Spain
75%
Armadillos live here Texas
75%
Has a larger population Spain
67%
Has more airports Texas
67%
Has a lower HDI Texas
58%
Is more Christian Texas
54%
Was once mostly controlled by France Both
38%
Has more foreign-born residents Spain
21%
No matching quizzes found
Score Distribution
Percent of People with Each Score
Percentile by Number Answered
Your Score History
You have not taken this quiz